000 02111nam0a2200361 i 4500
001 RU\NLR\BIBL_A\011222242
005 20241101115927.0
010 _a9785930000702
_9100
021 _aRU
_b2016-71185
_94595
021 _aRU
_b2016-71185
_94666
035 _a(NLR Aleph) 011222242
090 _a12031206
_c12031206
100 _a20160930d2016 k y0rusy50 ca
101 0 _arus
_deng
102 _aRU
105 _aa|||z|||100zy
200 1 _aНаука - обществу
_eтруды V региональной междисциплинарной конференции молодых ученых, [в рамках Владикавказской региональной площадки V Всероссийского фестиваля науки
_f[редкол.: Кусраев Анатолий Георгиевич, д.ф.-м.н., проф. и др.]
210 _aВладикавказ
_cВНЦ РАН
_d2016
215 _a347 с.
_cил.
_d21
300 _aВ надзаг.: Федер. гос. бюджет. учреждение науки Федер. науч. центр "Владикавказ. науч. центр Рос. акад. наук"
300 _aРез. на англ. яз.
320 _aБиблиогр. в конце ст.
606 1 _aНаучные конференции
_jСборники
_yВладикавказ, город (Северная Осетия)
_92331028
_3RU\NLR\AUTH\6601618134
675 _a08
686 1 _aЯ431(2Р-6С-2Вл)
702 1 _aКусраев
_bА. Г.
_gАнатолий Георгиевич
_4340
711 1 2 _aВсероссийский фестиваль науки
_d5
_eВладикавказ
_f2015
_9532725
_3RU\NLR\AUTH\880434173
711 1 2 _a"Наука - обществу", региональная междисциплинарная конференция молодых ученых
_d5
_eВладикавказ
_f2015
_9532718
_3RU\NLR\AUTH\880434169
942 _cBOOK
980 _aNBR